Statystyki dla Akta dyktatora: Mao Zedong

Kliknij tutaj aby rozwiązać quiz!

Ogólne statystyki

  • Ten quiz został rozwiązany 76 razy
  • Średni wynik to 6 z 18

Statystyki odpowiedzi

WskazówkaOdpowiedź% Poprawnych
Na jaką wyspę uciekł ten przywódca?Tajwan
90%
Jakie państwo zaanektowały Chiny w 1950 roku?Tybet
63%
Kto był przywódcą Chin przed Mao?Czang Kaj-szek
56%
Jaka była nazwa programu społecznego Mao,
które miało zniszczyć tradycyjne chińskie społeczeństwo?
Rewolucja {kulturalna}
46%
W jakiej wojnie siły chińskie bezpośrednio walczyły z siłami amerykańskimi?Wojna {koreańska}
46%
W jaką podróż wyruszyła Armia Komunistyczna
przed siłami rządowymi w latach 1934-35?
{Długi} Marsz
41%
Jaką rzekę Mao twierdził, że przepłynął z nadludzką prędkością w wieku 73 lat?Jangcy
38%
Jak nazywał się program ekonomiczny Mao,
który zabił dziesiątki milionów ludzi z powodu głodu?
{Wielki skok} naprzód
35%
Jak się nazywał pierwszy prezydent USA, który odwiedził komunistyczne Chiny?Richard Nixon
34%
Jakiego zielonego produktu użył Mao zamiast pasty do zębów
(według swojego lekarza)?
Zielona {herbata}
32%
Kto zastąpił Mao jako najważniejszego przywódcę Chin?{Deng} Xiaoping
31%
Z jakim krajem Chiny stoczyły krótką wojnę w 1962 roku?Indie
31%
W której części Pekinu można znaleźć mauzoleum Mao?Plac {Tian'anmen}
26%
Jaki sport był używany jako narzędzie dyplomatyczne do poprawy stosunków
chińsko-amerykańskich w latach 70-tych?
Tenis stołowy
21%
Jaki artysta pop wykonał portret Mao na sitodruku?Andy Warhol
12%
Jaka książka z cytatami Mao została wydrukowana ponad miliard razy?{Mała Czerwona} Książeczka
12%
W jakim krótkim okresie wolności Mao zachęcał ludzi
do otwartego wyrażania swoich opinii?
Kampania {stu kwiatów}
6%
Z jakiej prowincji pochodził Mao? (Podpowiedź: jego stolicą jest Changsha)Hunan
3%

Rozkład punktacji

Percentyl według liczby udzielonych odpowiedzi

Procent ludzi z każdym wynikiem

Twoja historia wyników

Nie rozwiązałeś tego quizu